| 000 | 00749nac a22002051u 4500 | ||
|---|---|---|---|
| 020 | _a0946621543 | ||
| 082 |
_a297.2 _bK2919 |
||
| 090 |
_c2581 _d2581 |
||
| 100 | _a20080729 | ||
| 245 |
_amanual of Islam / _aAl-Nawawi& _c translated by Nuh Ha Mim Keller. |
||
| 260 |
_aCambridge : _b Islamic Texts Society, 1996. _c1996 |
||
| 300 |
_a xiii,136p. ; _c 22cm. |
||
| 500 | _aOriginally published: 1994. | ||
| 650 |
_aIslam _x Doctrines. |
||
| 700 | _aKeller, Noah Ha Mim. | ||
| 710 | _aIslamic Texts Society. | ||
| 740 | _aManual of Islam. | ||
| 942 |
_cBB _k297.2K2919 |
||
| 999 |
_c2581 _d2581 |
||